Modern critical view: the Bible (Record no. 960)

MARC details
000 -LEADER
fixed length control field 00417 a2200169 4500
001 - CONTROL NUMBER
control field 066969
003 - CONTROL NUMBER IDENTIFIER
control field OSt
005 - DATE AND TIME OF LATEST TRANSACTION
control field 20211022122332.0
008 - FIXED-LENGTH DATA ELEMENTS--GENERAL INFORMATION
fixed length control field
082 ## - DEWEY DECIMAL CLASSIFICATION NUMBER
Classification number 220.66
Item number B47B
245 1# - TITLE STATEMENT
Title Modern critical view: the Bible
Statement of responsibility, etc edited by Harold Bloom
260 ## - PUBLICATION, DISTRIBUTION, ETC. (IMPRINT)
Place of publication, distribution, etc USA
Name of publisher, distributor, etc Chelsa House
Date of publication, distribution, etc 1987
300 ## - PHYSICAL DESCRIPTION
Extent 350p.
690 ## - LOCAL SUBJECT ADDED ENTRY--TOPICAL TERM (OCLC, RLIN)
Topical term or geographic name as entry element English
700 ## - ADDED ENTRY--PERSONAL NAME
Personal name Bloom, Harold
Relator term Editor
942 ## - ADDED ENTRY ELEMENTS (KOHA)
Source of classification or shelving scheme Dewey Decimal Classification
Koha item type Books
Holdings
Withdrawn status Lost status Source of classification or shelving scheme Damaged status Not for loan Collection code Home library Current library Date acquired Source of acquisition Cost, normal purchase price Full call number Barcode Date last seen Price effective from Koha item type
    Dewey Decimal Classification     General Text Book Central University Of Rajasthan Central University Of Rajasthan 07/03/2012 ENG 245.00 220.66 B47B 1255 21/11/2024 02/09/2020 Books